000 01304nam2a22002411 4500
001 v19\rc\1368059
005 20250618083552.0
035 _a(NLR Aleph) 004507445
090 _a4735084
_c4735084
100 _a20060512d1886 |||y0rusy50 ca
101 0 _arus
102 _aRU
105 _ay z |||||
200 0 _aс 1-го января 1885 года по 1-е января 1886 года
210 _d1886
_aБ. м.
215 _a121 с.
461 0 _1001v19\rc\1368050
_12001#$aОтчет Рыльской уездной земской управы о денежных суммах, находившихся в ее распоряжении...$fЗемство Курской губ.$vс 1-го января 1885 года по 1-е января 1886 года
_94734994
_aРыльская уездная земская управа
_cРыльск
_d[1867]-1915
_fЗемство Курской губ.
_tОтчет Рыльской уездной земской управы о денежных суммах, находившихся в ее распоряжении...
_vс 1-го января 1885 года по 1-е января 1886 года
801 0 _aRU
_bNLR
_gpsbo
801 0 _aRU
_bRuMoRGB
_2psbo
801 1 _aRU
_bProSoft-M
_2rusmarc
852 _aNLR
_bЗем
_j18-10/О1
942 _cBOOK
980 _aNB